[Event "1.d4 Nf6 2.c4 g6"]
[Site "SchemingMind.com"]
[Date "2007.06.28"]
[Round "-"]
[White "BogusAurelius"]
[Black "Space"]
[Result "1/2-1/2"]
[WhiteCountry "USA"]
[BlackCountry "SWE"]
[WhiteElo "1942"]
[WhiteRD "76"]
[BlackElo "2162"]
[BlackRD "82"]
[GameID "111051"]

1. d4 Nf6 2. c4 g6 3. Nc3 c5 4. dxc5 Qa5 5. Bd2 Qxc5 6. e4 Bg7 7. Bd3 Nc6 8. Nf3 O-O 9. O-O d6 10. Be3 Qa5
11. h3 Nd7 12. Bd2 Nde5 13. Nxe5 Nxe5 14. Be2 Nc6 15. Nd5 Qd8 16. Bc3 Bxc3 17. Nxc3 Qb6 18. Qd2 Qd4=
1/2-1/2

[Event "1.d4 Nf6 2.c4 g6"]
[Site "SchemingMind.com"]
[Date "2007.06.28"]
[Round "-"]
[White "Space"]
[Black "BogusAurelius"]
[Result "1-0"]
[WhiteCountry "SWE"]
[BlackCountry "USA"]
[WhiteElo "2196"]
[WhiteRD "82"]
[BlackElo "1968"]
[BlackRD "77"]
[GameID "111052"]

1. d4 Nf6 2. c4 g6 3. g3 Bg7 4. Bg2 O-O 5. Nf3 d6 6. O-O Nc6 7. Nc3 a6 8. d5 Na5 9. Nd2 c5 10. Qc2 Rb8
11. b3 b5 12. Bb2 bxc4 13. bxc4 Bd7 14. Rab1 Bh6 15. e3 Bg7 16. Nce4 Nxe4= 17. Bxe4 Qc7 18. Bxg7 Kxg7 19. f4 e6 20. Qc3+ Kg8
21. dxe6 fxe6 22. Rxb8 Rxb8 23. f5 gxf5 24. Rxf5 Qd8 25. Rh5 e5 26. Qd3 Rb6 27. Bd5+
1-0

[Event "1.d4 Nf6 2.c4 g6"]
[Site "SchemingMind.com"]
[Date "2007.07.01"]
[Round "-"]
[White "Alikabok"]
[Black "Space"]
[Result "1/2-1/2"]
[WhiteCountry "PHI"]
[BlackCountry "SWE"]
[WhiteElo "1973"]
[WhiteRD "82"]
[BlackElo "2165"]
[BlackRD "87"]
[GameID "111224"]

1. d4 Nf6 2. c4 g6 3. Nc3 d5 4. Nf3 Bg7 5. e3 O-O 6. Be2 c6 7. O-O Nbd7 8. cxd5 cxd5 9. Qb3 e6 10. Bd2 Ne4
11. Rfd1 Nxd2 12. Rxd2 Nb8 13. Rc1 Nc6 14. Rdc2 Bd7 15. Na4 Na5 16. Qb4 Nc6 17. Qb3 Na5 18. Qb4 Nc6 19. Qb3 Na5
1/2-1/2

[Event "1.d4 Nf6 2.c4 g6"]
[Site "SchemingMind.com"]
[Date "2007.07.01"]
[Round "-"]
[White "Alikabok"]
[Black "BogusAurelius"]
[Result "0-1"]
[WhiteCountry "PHI"]
[BlackCountry "USA"]
[WhiteElo "1947"]
[WhiteRD "79"]
[BlackElo "1968"]
[BlackRD "77"]
[GameID "111225"]

1. d4 Nf6 2. c4 g6 3. Nc3 c5 4. d5 d6 5. e4 Bg7 6. f4 O-O 7. Nf3 e6 8. Be2 exd5 9. cxd5 Bg4 10. O-O Nbd7
11. h3 Bxf3 12. Bxf3 c4 13. Be3 a6 14. a4 Qa5 15. Qe2 Rac8 16. Kh1 Rfe8 17. Qf2 Nc5 18. Bxc5 Qxc5 19. a5 Qxf2 20. Rxf2 Rc5
21. g4 Nd7 22. g5 h6 23. h4 hxg5 24. hxg5 Bd4 25. Re2 f6 26. gxf6 Nxf6 27. Kg2 Kg7 28. Kg3 g5 29. fxg5 Nh7 30. Rg2 Nxg5
31. Bh5 Rf8 32. Re2 Be5+ 33. Kg2 Rf4 34. Ra4 Kh6 35. Be8 Rc8 36. Bd7 Rg8
0-1

[Event "1.d4 Nf6 2.c4 g6"]
[Site "SchemingMind.com"]
[Date "2007.07.02"]
[Round "-"]
[White "Space"]
[Black "Alikabok"]
[Result "1-0"]
[WhiteCountry "SWE"]
[BlackCountry "PHI"]
[WhiteElo "2165"]
[WhiteRD "87"]
[BlackElo "1973"]
[BlackRD "82"]
[GameID "111226"]

1. d4 Nf6 2. c4 g6 3. f3 c6 4. e4 d5 5. e5 Nh5 6. Nc3 e6 7. Nh3 Nd7 8. Bg5 Be7 9. Qd2 Bxg5 10. Nxg5 b6
11. O-O-O Bb7 12. cxd5 cxd5 13. Nb5 O-O 14. Nd6 Nb8 15. g4 Ng7 16. h4 Ba6 17. Bxa6 Nxa6 18. h5 h6 19. Nh7 g5 20. Nf6+
1-0

[Event "1.d4 Nf6 2.c4 g6"]
[Site "SchemingMind.com"]
[Date "2007.07.02"]
[Round "-"]
[White "BogusAurelius"]
[Black "Alikabok"]
[Result "1/2-1/2"]
[WhiteCountry "USA"]
[BlackCountry "PHI"]
[WhiteElo "2040"]
[WhiteRD "75"]
[BlackElo "1914"]
[BlackRD "88"]
[GameID "111227"]

1. d4 Nf6 2. c4 g6 3. g3 c5 4. d5 d6 5. Bg2 Bg7 6. Nc3 O-O 7. Nf3 e6 8. O-O exd5 9. cxd5 Na6 10. Nd2 Nc7
11. Nc4 Nfe8 12. a4 b6 13. Qd2 Rb8 14. Rb1 Ba6 15. b3 Qd7 16. Bb2 f5 17. e4 fxe4 18. Nxe4 Rd8 19. Rfe1 Bxc4 20. Bxg7 Nxg7
21. bxc4 Rb8 22. Qg5 Nce8 23. a5 b5 24. cxb5 Rxb5 25. Rxb5 Qxb5 26. Qd8 Qb4 27. Rf1 c4 28. Bh3 c3 29. Be6+ Nxe6 30. dxe6 Qxe4
31. e7 Rf7 32. Qxe8+= Kg7 33. Qc8 Rxe7 34. Qxc3+ Kf7 35. a6 d5 36. Rd1 Qe2 37. Rxd5 Qxa6 38. Rd4 Qe6 39. Qf3+ Kg7 40. g4 Qe5
41. Rf4 a5 42. h4 Ra7 43. Re4 Qf6 44. Qe3 Rf7 45. g5 Qb2 46. Rd4 Qb1+ 47. Kg2 Qb7+ 48. Kg3 Qc7+ 49. f4 Qc5 50. Kf3 Re7
51. Qd3 Qc6+ 52. Kg3 Qe6 53. Rd8 Qe1+ 54. Kf3 Qh1+ 55. Kg3 Qa1 56. Rd7 Qg1+ 57. Kf3 Qh1+=
1/2-1/2

[Event "1.d4 Nf6 2.c4 g6"]
[Site "SchemingMind.com"]
[Date "2007.07.03"]
[Round "-"]
[White "djanowski"]
[Black "Space"]
[Result "0-1"]
[WhiteCountry "THA"]
[BlackCountry "SWE"]
[WhiteElo "1864"]
[WhiteRD "84"]
[BlackElo "2196"]
[BlackRD "82"]
[GameID "111620"]

1. d4 Nf6 2. c4 g6 3. Nc3 Bg7 4. e4 d6 5. f3 O-O 6. Be3 Nc6 7. Bd3 e5 8. d5 Nd4 9. Nge2 Nd7 10. Qd2 c5
11. Bg5 Nf6 12. Nxd4 cxd4 13. Nd1 h6 14. Bh4 Bd7 15. g4 Nxe4 16. Bxd8 Nxd2 17. Be7 Nxf3+ 18. Kf2 Rfe8 19. Bxd6 Bxg4 20. Kg3 Bh5
21. c5 e4 22. Bb5 Red8 23. Nf2 Nd2
0-1

[Event "1.d4 Nf6 2.c4 g6"]
[Site "SchemingMind.com"]
[Date "2007.07.04"]
[Round "-"]
[White "djanowski"]
[Black "BogusAurelius"]
[Result "0-1"]
[WhiteCountry "THA"]
[BlackCountry "USA"]
[WhiteElo "1864"]
[WhiteRD "84"]
[BlackElo "1968"]
[BlackRD "77"]
[GameID "111621"]

1. d4 Nf6 2. c4 g6 3. Nc3 d5 4. cxd5 Nxd5 5. e4 Nxc3 6. bxc3 Bg7 7. Bc4 c5 8. Ne2 Nc6 9. Be3 O-O 10. O-O Qc7
11. Rc1 Rd8 12. Qd2 Qa5 13. Rfd1 Bd7 14. f4 cxd4 15. cxd4 Qxd2 16. Rxd2 Na5 17. e5 Nxc4 18. Rxc4 Bc6 19. Rdc2 f5 20. Nc1 a5
21. Nb3 e6 22. Nc5 Bd5 23. R4c3 b5 24. Rb2 b4 25. Rc1 Ra7 26. Na4 Rb8 27. Kf2 Bf8 28. Kg3 Be7 29. Kh3 Kg7 30. g4 fxg4+
31. Kxg4 b3 32. Nc5 a4 33. a3 h5+ 34. Kg3 h4+ 35. Kg4 Raa8 36. h3 Rh8 37. Bf2 Raf8 38. Be3 g5 39. Rf2 Kg6 40. Rcf1 gxf4
41. Bxf4 Rf5 42. Nxa4 Rg8
0-1

[Event "1.d4 Nf6 2.c4 g6"]
[Site "SchemingMind.com"]
[Date "2007.07.04"]
[Round "-"]
[White "djanowski"]
[Black "Alikabok"]
[Result "1-0"]
[WhiteCountry "THA"]
[BlackCountry "PHI"]
[WhiteElo "1943"]
[WhiteRD "83"]
[BlackElo "1931"]
[BlackRD "82"]
[GameID "111622"]

1. d4 Nf6 2. c4 g6 3. Nc3 d5 4. cxd5 Nxd5 5. e4 Nxc3 6. bxc3 Bg7 7. Bc4 O-O 8. Ne2 c5 9. Be3 Nc6 10. O-O Bg4
11. f3 Na5 12. Bxf7+ Rxf7 13. fxg4 Rxf1+ 14. Kxf1 Qd6 15. e5 Qd5 16. Bf2 Rf8 17. Kg1 Qe4 18. Ng3 Qf4 19. Qe2 cxd4 20. cxd4 Bh6
21. Ne4 b6 22. g3 Qf7 23. g5 Bg7 24. Rc1 Qe6 25. Rc7 Rc8 26. Rxa7 Nc6 27. Ra4 Na5 28. Be3 Qc6 29. Nc5 Ra8 30. Qd2 Rd8
31. Rxa5 bxa5 32. Qxa5 Ra8 33. Qb4 e6 34. Qb3 Kf7 35. Nxe6
1-0

[Event "1.d4 Nf6 2.c4 g6"]
[Site "SchemingMind.com"]
[Date "2007.07.04"]
[Round "-"]
[White "Space"]
[Black "djanowski"]
[Result "1-0"]
[WhiteCountry "SWE"]
[BlackCountry "THA"]
[WhiteElo "2196"]
[WhiteRD "82"]
[BlackElo "1864"]
[BlackRD "84"]
[GameID "111623"]

1. d4 Nf6 2. c4 g6 3. g3 Bg7 4. Bg2 c5 5. d5 e6 6. dxe6 fxe6 7. Nc3 O-O 8. Bf4 Qa5 9. Bd6 Rf7 10. Qd2 Ng4
11. Nf3 Nc6 12. Rc1 Nd4 13. O-O Bh6 14. Ng5 Nf5 15. Bf4 Rf8 16. f3 e5 17. Qd5+ Kg7 18. fxg4 exf4 19. Qe5+
1-0

[Event "1.d4 Nf6 2.c4 g6"]
[Site "SchemingMind.com"]
[Date "2007.07.04"]
[Round "-"]
[White "BogusAurelius"]
[Black "djanowski"]
[Result "1/2-1/2"]
[WhiteCountry "USA"]
[BlackCountry "THA"]
[WhiteElo "1968"]
[WhiteRD "77"]
[BlackElo "1864"]
[BlackRD "84"]
[GameID "111624"]

1. d4 Nf6 2. c4 g6 3. Nf3 Bg7 4. g3 O-O 5. Bg2 c5 6. d5 e6 7. Nc3 exd5 8. cxd5 d6 9. O-O Re8 10. Nd2 Na6
11. Nc4 Nh5 12. e4 Nc7 13. a4 b6 14. Qd2 Rb8 15. h3 Ba6 16. b3 Bxc4 17. bxc4 Qf6 18. Ra3 Qd4 19. g4 Ng3 20. Re1 f5
21. Qe3 Qxe3 22. Rxe3 Bxc3 23. Raxc3 Nxe4 24. Bxe4 fxe4 25. Re1 a6 26. Bf4 Rbd8 27. Rce3 b5 28. f3 bxc4 29. fxe4 a5 30. Rc1 Na6
31. Rxc4 Nb4 32. Kg2= Kg7 33. h4 h6 34. Rb3 Rd7 35. g5 h5 36. Kg3 Kg8=
1/2-1/2

[Event "1.d4 Nf6 2.c4 g6"]
[Site "SchemingMind.com"]
[Date "2007.07.04"]
[Round "-"]
[White "Alikabok"]
[Black "djanowski"]
[Result "1-0"]
[WhiteCountry "PHI"]
[BlackCountry "THA"]
[WhiteElo "1947"]
[WhiteRD "79"]
[BlackElo "1864"]
[BlackRD "84"]
[GameID "111625"]

1. d4 Nf6 2. c4 g6 3. Nc3 Bg7 4. e4 d6 5. Be2 O-O 6. Bg5 c5 7. d5 h6 8. Be3 e6 9. Qd2 exd5 10. cxd5 Re8
11. f3 Kh7 12. g4 a6 13. h4 Nfd7 14. O-O-O b5 15. Re1 Qa5 16. Kb1 b4 17. Nd1 Nb6 18. Nh3 N8d7 19. h5 Ne5 20. hxg6+ fxg6
21. Bxh6 Bxh6 22. Ng5+ Kg7 23. Rxh6 Kxh6 24. Ne6+ Kh7 25. Qh6+
1-0

[Event "1.d4 Nf6 2.c4 g6"]
[Site "SchemingMind.com"]
[Date "2007.07.04"]
[Round "-"]
[White "Aumonde"]
[Black "Space"]
[Result "1/2-1/2"]
[WhiteCountry "USA"]
[BlackCountry "SWE"]
[WhiteElo "2213"]
[WhiteRD "71"]
[BlackElo "2238"]
[BlackRD "78"]
[GameID "111660"]

1. d4 Nf6 2. c4 g6 3. Nc3 d5 4. Nf3 Bg7 5. cxd5 Nxd5 6. e4 Nxc3 7. bxc3 c5 8. Bf4 O-O 9. Rb1 Nc6 10. d5 Bxc3+
11. Bd2 Bxd2+ 12. Qxd2 Na5 13. Bd3 e6 14. Qh6 f6 15. Rc1 exd5 16. exd5 Re8+ 17. Kf1 Re7 18. Qd2 b6 19. h4 Bb7 20. h5 g5
21. d6 Rd7 22. Rd1 Bxf3 23. gxf3 Nb7 24. Qe3 Rb8 25. f4 Rxd6 26. fxg5 Kh8 27. Kg2 fxg5 28. Bc2 h6 29. Qe4 Qd7 30. Rxd6 Nxd6
31. Qg6 Re8 32. Qxh6+ Kg8 33. Qxg5+ Qg7 34. Qxg7+ Kxg7 35. h6+ Kh8 36. Kf1 Nb5 37. Rh4 Nd4 38. Be4 Rd8 39. Rf4 c4 40. Rf7 a5
41. Rh7+ Kg8 42. Rc7 b5 43. Rc5 Rb8 44. f3 Ne6 45. Re5 Nf4 46. a4 b4 47. Rf5 Nd3 48. Bd5+ Kh7 49. Bxc4 Nb2 50. Bb3 Kxh6
51. Rxa5 Rc8 52. Rb5 Rc3 53. Bd5 Nxa4 54. Rxb4 Nc5 55. Ke2 Kg5 56. Rb8 Kf4= 57. Rf8+ Ke5 58. Bg8 Nb3 59. f4+ Ke4 60. Bh7+ Kd5
61. Re8 Nd4+ 62. Kd2 Ra3 63. Be4+ Kd6 64. Rd8+ Kc5 65. Rd7 Ra1 66. Bd3 Rh1 67. Ke3 Re1+ 68. Kf2 Re8= 69. Rc7+ Kd6 70. Ra7 Rf8
71. Ke3 Ne6 72. f5 Nc5 73. Bc2 Ke5 74. Ra5 Rc8 75. Rb5 Rc6 76. Be4 Rc7 77. Kf3 Rc8 78. Bb1 Rc6 79. Ke3 Kf6 80. Rb4 Nd7
81. Rh4 Ke5 82. Re4+ Kf6 83. Re8 Nb6 84. Be4 Rd6 85. Kf3 Nd5= 86. Rf8+ Ke7 87. Rh8 Nf6 88. Bc2 Rd4 89. Rh2 Rb4 90. Re2+ Kf7
91. Re5 Ng4 92. Re6 Nf6 93. Ra6 Nd5 94. Ra5 Rd4 95. Be4 Nc3 96. Ra7+ Kf6 97. Ra6+ Kf7 98. Bc2 Nd5 99. Rd6 Rf4+ 100. Kg3 Rd4
101. Ra6 Rb4 102. Bd1 Rb6 103. Ra5 Ne7 104. Kf4 Kf6= 105. Bf3 Nc8 106. Re5 Rd6 107. Re8 Nb6 108. Ke4 Nd7 109. Rc8 Rb6 110. Kf4 Rb4+
111. Be4 Ne5 112. Rf8+ Nf7 113. Ke3 Rb3+ 114. Ke2 Rb5 115. Bc2 Kg7 116. Ra8 Nd6 117. Ra7+ Kf8 118. f6=
1/2-1/2

[Event "1.d4 Nf6 2.c4 g6"]
[Site "SchemingMind.com"]
[Date "2007.07.04"]
[Round "-"]
[White "Aumonde"]
[Black "BogusAurelius"]
[Result "1-0"]
[WhiteCountry "USA"]
[BlackCountry "USA"]
[WhiteElo "2280"]
[WhiteRD "56"]
[BlackElo "1968"]
[BlackRD "77"]
[GameID "111661"]

1. d4 Nf6 2. c4 g6 3. g3 Bg7 4. Nc3 O-O 5. Bg2 d6 6. Nf3 Nbd7 7. O-O e5 8. a4 c6 9. e4 a5 10. Qc2 Re8
11. Rd1 exd4 12. Nxd4 Nc5 13. Bf4 Nh5 14. Be3 Qc7 15. Ndb5 cxb5 16. Nxb5 Qe7 17. Nxd6 Ne6 18. Nxe8 Qxe8 19. f4 Bf8 20. Qf2 Nf6
21. h3 Nd7 22. Rac1 Nec5 23. e5 Ra6 24. Rd5 b6 25. Rcd1 Nxa4 26. R5d2 Ra7 27. Bd5 Nac5 28. h4 Bb7 29. Qf3 Bxd5 30. cxd5 a4
31. d6 Qe6 32. Kg2 Ra5 33. Bxc5 bxc5 34. Re1 h5 35. Qd5 Rb5 36. Qxe6 fxe6 37. Re4 Ra5 38. Rd3 Rb5 39. Rxa4 Rxb2+ 40. Kf3 Rb8
41. Ra7 Rd8 42. Rb3 Kf7 43. Rbb7 Ke8 44. Rc7 Bg7 45. g4 Bh6 46. g5
1-0

[Event "1.d4 Nf6 2.c4 g6"]
[Site "SchemingMind.com"]
[Date "2007.07.04"]
[Round "-"]
[White "Aumonde"]
[Black "Alikabok"]
[Result "1-0"]
[WhiteCountry "USA"]
[BlackCountry "PHI"]
[WhiteElo "2201"]
[WhiteRD "62"]
[BlackElo "1927"]
[BlackRD "89"]
[GameID "111662"]

1. d4 Nf6 2. c4 g6 3. Nf3 d6 4. Nc3 Bg7 5. e4 c6 6. Be2 O-O 7. O-O Qc7 8. Be3 Ng4 9. Bg5 e5 10. d5 c5
11. Nb5 Qd7 12. Nd2 Nh6 13. Qb3 Na6 14. Rfe1 Nc7 15. Nc3 b6 16. Bh4 f6 17. a4 Na6 18. a5 Qb7 19. axb6 axb6 20. Nb5 Nf7
21. Ra3 Nb4 22. Rea1 Bd7 23. Ra7 Rxa7 24. Rxa7 Qc8 25. Nf1 Rd8 26. Ne3 Qb8 27. Qa3 Qc8 28. h3 h5 29. g4 g5 30. Bg3 h4
31. Bh2 Bxb5 32. cxb5 Bf8 33. Nf5 Qb8 34. Bc4 Rc8 35. Ne3 Rc7 36. Ra8 Qb7 37. Re8 Re7 38. Qa8 Qxa8 39. Rxa8 Rb7 40. Kf1 Nh6
41. Ke2 Kf7 42. Bb3 Ng8 43. Nc4 Nh6 44. Rc8 Ke7 45. f3 Bg7 46. Bg1 Nf7 47. Rc6 Bf8 48. Be3 Kd8 49. Bd2 Nxc6 50. dxc6 Rb8
51. Ne3 Nh8 52. Nd5 Rc8 53. Nxb6
1-0

[Event "1.d4 Nf6 2.c4 g6"]
[Site "SchemingMind.com"]
[Date "2007.07.04"]
[Round "-"]
[White "Aumonde"]
[Black "djanowski"]
[Result "1-0"]
[WhiteCountry "USA"]
[BlackCountry "THA"]
[WhiteElo "2280"]
[WhiteRD "56"]
[BlackElo "1864"]
[BlackRD "84"]
[GameID "111663"]

1. d4 Nf6 2. c4 g6 3. Nc3 Bg7 4. e4 d6 5. Be2 O-O 6. Bg5 c5 7. d5 h6 8. Bf4 e6 9. dxe6 Bxe6 10. Bxd6 Re8
11. Bxc5 Qa5 12. b4 Qa3 13. Nb5 Qb2 14. Rb1 Qxa2 15. Bd4 Bxc4 16. Rb2 Bxe2 17. Nxe2 Qe6 18. Nc7 Qxe4 19. Nxe8 Qxe8 20. b5 a6
21. Qa4 Nbd7 22. O-O Qe4 23. bxa6 bxa6 24. Ng3 Qh4 25. Rb4 Nd5 26. Bxg7 Nxb4 27. Bc3
1-0

[Event "1.d4 Nf6 2.c4 g6"]
[Site "SchemingMind.com"]
[Date "2007.07.04"]
[Round "-"]
[White "Space"]
[Black "Aumonde"]
[Result "1-0"]
[WhiteCountry "SWE"]
[BlackCountry "USA"]
[WhiteElo "2210"]
[WhiteRD "79"]
[BlackElo "2249"]
[BlackRD "57"]
[GameID "111664"]

1. d4 Nf6 2. c4 g6 3. g3 d5 4. cxd5 Nxd5 5. Bg2 Bg7 6. Nf3 Bf5 7. Nc3 Nxc3 8. bxc3 c5 9. O-O O-O 10. Nh4 Bc8
11. e3 Qa5 12. Qb3 Be6 13. Qxb7 Nd7 14. Qb2 Rac8 15. Qa3 Qxa3 16. Bxa3 Bc4 17. Rfb1 Rc7 18. Nf3 Rfc8 19. Nd2 Bd3 20. Rb3 a5
21. Bb7 Re8 22. Be4 Ba6 23. Rab1 e6 24. R3b2 Bf8 25. d5 exd5 26. Bxd5 Nf6 27. Bf3 Bd6 28. Rb6 Bd3 29. Rxd6 Bxb1 30. Nxb1
1-0

[Event "1.d4 Nf6 2.c4 g6"]
[Site "SchemingMind.com"]
[Date "2007.07.04"]
[Round "-"]
[White "BogusAurelius"]
[Black "Aumonde"]
[Result "0-1"]
[WhiteCountry "USA"]
[BlackCountry "USA"]
[WhiteElo "1932"]
[WhiteRD "80"]
[BlackElo "2262"]
[BlackRD "56"]
[GameID "111665"]

1. d4 Nf6 2. c4 g6 3. Nc3 d5 4. cxd5 Nxd5 5. e4 Nxc3 6. bxc3 Bg7 7. Bc4 c5 8. Ne2 Nc6 9. Be3 O-O 10. O-O b6
11. dxc5 Qc7 12. Bd4 Ne5 13. Bd5 Bb7 14. cxb6 axb6 15. Bxe5 Bxe5 16. f4 Bxd5 17. Qxd5 Bg7 18. f5 Rfd8 19. Qb3 gxf5 20. Rxf5 e6
21. Rf3 Rd2 22. Qb5 Qd8 23. a4 Ra5 24. Qc4 b5
0-1

[Event "1.d4 Nf6 2.c4 g6"]
[Site "SchemingMind.com"]
[Date "2007.07.04"]
[Round "-"]
[White "Alikabok"]
[Black "Aumonde"]
[Result "1/2-1/2"]
[WhiteCountry "PHI"]
[BlackCountry "USA"]
[WhiteElo "1954"]
[WhiteRD "91"]
[BlackElo "2219"]
[BlackRD "65"]
[GameID "111666"]

1. d4 Nf6 2. c4 g6 3. Nf3 Bg7 4. g3 O-O 5. Bg2 d5 6. O-O dxc4 7. Na3 c3 8. bxc3 c5 9. Ne5 cxd4 10. cxd4 Nbd7
11. Nac4 Nxe5 12. Nxe5 Nd7 13. Nxd7 Qxd7 14. Bb2 Qd6 15. Rb1 Rd8 16. e3 Be6 17. Ba1 Bd5 18. Qe2 Bxg2 19. Kxg2 b6 20. Rfc1 Rac8
21. Rc2 Qa3 22. Rb3 Qa4 23. Rbc3 Qd7 24. Rxc8 Rxc8 25. Rxc8+ Qxc8 26. Qb5= Qb7+ 27. Kg1 Qe4 28. Bc3 h5 29. h4 e6 30. a3 Bf8
31. a4 Qc2 32. Bb2 Qd1+ 33. Kg2 Qb1 34. Bc3 Qc2 35. Be1 Qc1 36. Bb4 Bxb4 37. Qxb4 Qc6+ 38. Kf1 a6 39. Ke2 Kg7 40. Qb3 b5
41. axb5 axb5 42. Kd3 Qa6 43. Kc3 Qa5+ 44. Qb4 Qa1+ 45. Qb2 Qf1 46. Kb4 Qc4+ 47. Ka5 Kg8 48. Qxb5 Qa2+ 49. Kb4 Qxf2 50. Qb8+ Kg7
51. Qe5+ Kh7 52. Kc5 Qb2 53. Kd6 Qb7 54. Qg5 Kg7 55. Qe5+ Kg8 56. Qg5 Qb8+ 57. Kd7 Qa7+ 58. Kd6 Qb6+ 59. Kd7 Qb3 60. Kd6 Qd3
61. Ke7 Qa6 62. Kd7 Qa3 63. Qe5 Qa8 64. Ke7 Qf8+ 65. Kd7 Qb4 66. Ke8 Qb6 67. Ke7 Qb7+ 68. Ke8 Qc6+ 69. Ke7 Qc8 70. Qf6 Qb7+
71. Kd6 Qb4+ 72. Kd7 Qa4+ 73. Ke7 Qa3+ 74. Ke8 Qa7 75. Qe5 Qb7 76. Kd8 Qb3 77. Ke7 Qb2 78. Qf6 Qa3+ 79. Ke8 Qa8+ 80. Ke7 Qa7+
81. Kd6 Kh7 82. Qe5 Qa3+ 83. Kd7 Qa8 84. Ke7 Kg8 85. Qf6 Qf8+ 86. Kd7 Qb4 87. Qe5 Qb2 88. Ke7 Qb3 89. Qf6 Qb4+ 90. Kd7 Qa4+
91. Kc7 Qa3 92. Qg5 Kh7 93. Kd7 Qa7+ 94. Ke8 Kg7 95. Qe5+ Kg8 96. Kd8 Kh7 97. Ke8 Kg8 98. Kd8 Qb6+ 99. Kd7 Qb3
1/2-1/2

[Event "1.d4 Nf6 2.c4 g6"]
[Site "SchemingMind.com"]
[Date "2007.07.04"]
[Round "-"]
[White "djanowski"]
[Black "Aumonde"]
[Result "0-1"]
[WhiteCountry "THA"]
[BlackCountry "USA"]
[WhiteElo "1864"]
[WhiteRD "84"]
[BlackElo "2280"]
[BlackRD "56"]
[GameID "111667"]

1. d4 Nf6 2. c4 g6 3. Nc3 d5 4. cxd5 Nxd5 5. e4 Nxc3 6. bxc3 c5 7. Be3 Bg7 8. Bc4 Nc6 9. Ne2 Bd7 10. O-O Qc7
11. Rc1 Na5 12. Bd3 O-O 13. f4 c4 14. Bb1 e6 15. f5 exf5 16. exf5 Rfe8 17. Qd2 b6 18. Nf4 Qd6 19. Nh3 Nc6 20. f6 Bxf6
21. Qf2 Bxh3 22. gxh3 Qd5 23. Qxf6 Rxe3 24. Rf4 Rae8 25. Qh4 R8e6
0-1

[Event "1.d4 Nf6 2.c4 g6"]
[Site "SchemingMind.com"]
[Date "2007.07.09"]
[Round "-"]
[White "time_pressure"]
[Black "Space"]
[Result "1/2-1/2"]
[WhiteCountry "USA"]
[BlackCountry "SWE"]
[WhiteElo "2056"]
[WhiteRD "79"]
[BlackElo "2162"]
[BlackRD "82"]
[GameID "112236"]

1. d4 Nf6 2. c4 g6 3. Nc3 d5 4. cxd5 Nxd5 5. e4 Nxc3 6. bxc3 Bg7 7. Nf3 c5 8. Bb5+ Nd7 9. O-O O-O 10. Be3 a6
11. Bc4 Qc7 12. Ng5 cxd4 13. Bxf7+ Rxf7 14. cxd4 Qc4 15. Nxf7 Qxf7 16. Qc2 Nf6 17. Rab1 Qe6 18. f3 b5 19. Qb3 Qxb3 20. axb3 a5
21. Rfc1 Ne8 22. e5 Kf7 23. Ra1 a4 24. bxa4 bxa4 25. Ra3 e6 26. Rac3 Bd7 27. Rb1 Ra7 28. Rc2 a3=
1/2-1/2

[Event "1.d4 Nf6 2.c4 g6"]
[Site "SchemingMind.com"]
[Date "2007.07.13"]
[Round "-"]
[White "time_pressure"]
[Black "Aumonde"]
[Result "1-0"]
[WhiteCountry "USA"]
[BlackCountry "USA"]
[WhiteElo "2162"]
[WhiteRD "72"]
[BlackElo "2280"]
[BlackRD "56"]
[GameID "112237"]

1. d4 Nf6 2. c4 g6 3. Nc3 Bg7 4. e4 O-O 5. Be2 c6 6. e5 Ne8 7. Nf3 d6 8. O-O dxe5 9. dxe5 Nc7 10. Qxd8 Rxd8
11. Bg5 Re8 12. Rad1 Ne6 13. Bh4 Nf4 14. Rfe1 Nxe2+ 15. Rxe2 Bg4 16. h3 Bxf3 17. gxf3 c5 18. f4 Nc6 19. Rd7 Nd4 20. Bxe7 Bf8
21. Bf6 Nxe2+ 22. Nxe2 Rab8 23. Nc3 Re6 24. Bd8 h6 25. Bc7 Rc8 26. Nd5 Kg7 27. a4 Kg8 28. b3 Kg7 29. Kg2 Kg8 30. Kf3 Ra8
31. h4 h5 32. Bd8 Rb8 33. Nf6+ Kg7 34. Ke4 Bd6 35. f3 a6 36. Kd5 Bf8 37. Ne4 Rc6 38. Bf6+ Kg8= 39. Ng5 Rbc8 40. Bd8 Rb8
41. Nxf7 a5 42. Bxa5 Re8 43. Bd8
1-0

[Event "1.d4 Nf6 2.c4 g6"]
[Site "SchemingMind.com"]
[Date "2007.07.09"]
[Round "-"]
[White "time_pressure"]
[Black "BogusAurelius"]
[Result "1-0"]
[WhiteCountry "USA"]
[BlackCountry "USA"]
[WhiteElo "2111"]
[WhiteRD "76"]
[BlackElo "1935"]
[BlackRD "78"]
[GameID "112238"]

1. d4 Nf6 2. c4 g6 3. Nf3 Bg7 4. Nc3 O-O 5. e4 d6 6. Be2 e5 7. dxe5 dxe5 8. Qxd8 Rxd8 9. Bg5 Nbd7 10. Rd1 Rf8
11. Nd5 c6 12. Ne7+ Kh8 13. Be3 Re8 14. Nxc8 Raxc8 15. O-O h6 16. Bd3 Bf8 17. Bc2 Rc7 18. a3 b5 19. Bd3 bxc4 20. Bxc4 Nc5
21. Nxe5 Rxe5 22. Bd4 Rxe4 23. Bxf6+ Bg7 24. Rd8+ Kh7 25. Bxg7 Kxg7 26. Rc1 Rce7 27. Kf1 Rd7 28. Rc8 Rdd4 29. Rxc6 Na4 30. Rc7 Rf4
31. g3 Rf3 32. Be2 Rf5 33. R1c2 a5 34. R7c6 Rdd5 35. b3 Nc5 36. g4 Rfe5 37. f4 Rxe2 38. Kxe2 Nxb3 39. Ke3 Rd1 40. R2c3
1-0

[Event "1.d4 Nf6 2.c4 g6"]
[Site "SchemingMind.com"]
[Date "2007.07.09"]
[Round "-"]
[White "time_pressure"]
[Black "Alikabok"]
[Result "1-0"]
[WhiteCountry "USA"]
[BlackCountry "PHI"]
[WhiteElo "2162"]
[WhiteRD "72"]
[BlackElo "1947"]
[BlackRD "79"]
[GameID "112239"]

1. d4 Nf6 2. c4 g6 3. Nc3 Bg7 4. e4 d6 5. h3 O-O 6. Nf3 a5 7. Bd3 Na6 8. O-O Qe8 9. Be3 e5 10. dxe5 dxe5
11. Nd5 Be6 12. Nxf6+ Bxf6 13. Bh6 Bg7 14. Bxg7 Kxg7 15. Nxe5 Bxh3 16. Nxg6 Bxg2 17. Nxf8 Bxf1 18. Bxf1 Qxf8 19. Bg2 Rd8 20. Qh5 Nc5
21. Qe5+ Kg8 22. Qxc7 a4 23. Qe5 Rd6 24. Re1 b6 25. Re3 Qd8 26. b4 axb3 27. axb3 Rg6 28. Qd5 Qc7 29. e5 Qe7 30. f4 Qh4
31. f5 Rg5 32. Qf3 Qd4 33. Kh1 Qh4+ 34. Bh3 Qh5 35. Qa8+ Kg7 36. f6+
1-0

[Event "1.d4 Nf6 2.c4 g6"]
[Site "SchemingMind.com"]
[Date "2007.07.12"]
[Round "-"]
[White "time_pressure"]
[Black "djanowski"]
[Result "1-0"]
[WhiteCountry "USA"]
[BlackCountry "THA"]
[WhiteElo "2162"]
[WhiteRD "72"]
[BlackElo "1864"]
[BlackRD "84"]
[GameID "112240"]

1. d4 Nf6 2. c4 g6 3. Nc3 c5 4. dxc5 Bg7 5. e4 Qa5 6. Bd2 Qxc5 7. Bd3 d6 8. Nge2 O-O 9. O-O Be6 10. Nd5 Re8
11. Nef4 Bxd5 12. cxd5 Nbd7 13. Qa4 Nb6 14. Qb3 Qd4 15. Be3 Qe5 16. f3 g5 17. Ne2 g4 18. f4 Qh5 19. Ng3 Qh6 20. Nf5 Qh5
21. Bxb6 axb6 22. Qxb6 Nd7 23. Nxg7 Kxg7 24. Qxb7 Nc5 25. Qb5 Reb8 26. Qc4 Ra4 27. Qc3+ f6 28. b3 Rab4 29. e5 fxe5 30. Bc4 Ne4
31. Qe1 g3 32. h3 Nf2 33. Qe3 Nxh3+ 34. gxh3 Qxh3 35. Qd2 Kh8 36. Rf3 Rg8 37. fxe5 Qh5 38. exd6 Qxf3 39. Rf1 Qg4 40. dxe7
1-0

[Event "1.d4 Nf6 2.c4 g6"]
[Site "SchemingMind.com"]
[Date "2007.07.09"]
[Round "-"]
[White "Space"]
[Black "time_pressure"]
[Result "1/2-1/2"]
[WhiteCountry "SWE"]
[BlackCountry "USA"]
[WhiteElo "2165"]
[WhiteRD "87"]
[BlackElo "2109"]
[BlackRD "76"]
[GameID "112241"]

1. d4 Nf6 2. c4 g6 3. f3 Nc6 4. d5 Ne5 5. e4 e6 6. Be3 Bb4+ 7. Nc3 O-O 8. Qb3 a5 9. O-O-O d6 10. Nge2 exd5
11. cxd5 c5 12. a3 c4 13. Qc2 Bd7 14. Nd4 Bxc3 15. Qxc3 Re8 16. Be2 Nd3+ 17. Bxd3 Nxd5 18. Qd2 Nxe3 19. Qxe3 cxd3 20. Qxd3= Qg5+
21. Qd2 Qe5 22. Kb1 Rac8 23. Ne2=
1/2-1/2